[Event "ICS Rated standard match"]
[Site "204.178.125.65"]
[Date "2001.01.24"]
[Round "?"]
[White "Hossa"]
[Black "LuisRoque"]
[Result "1-0"]
[WhiteElo "2299"]
[BlackElo "1952"]
[PlyCount "141"]
[EventDate "2001.??.??"]

1. d4 Nf6 2. c4 e5 3. dxe5 Ng4 4. Bf4 Nc6 5. Nf3 Bb4+ 6. Nbd2 Qe7 7. a3 Ngxe5
8. Nxe5 Nxe5 9. e3 Bxd2+ 10. Qxd2 d6 11. Be2 O-O 12. O-O b6 13. b3 Bb7 14. Rfe1
a5 15. Qd4 Rfe8 16. Bg3 Nd7 17. b4 Nf6 18. Bh4 Qe4 19. Bf1 Nd7 20. f3 Qe5 21.
Qxe5 Nxe5 22. Bg3 f5 23. h4 Rad8 24. Be2 Re6 25. bxa5 bxa5 26. Rab1 Bc6 27. Rb2
Nd7 28. Bf4 Kf7 29. Bd3 g6 30. Reb1 Ree8 31. Bg5 Rb8 32. Rxb8 Rxb8 33. Rxb8
Nxb8 34. Bd8 Na6 35. Bc2 Ke8 36. Bf6 a4 37. Bd4 Ke7 38. Ba7 Bd7 39. Bd3 c5 40.
Kf2 Bc6 41. h5 Kd7 42. hxg6 hxg6 43. Bb6 Kc8 44. Ba5 Kb7 45. g4 Bd7 46. gxf5
gxf5 47. e4 fxe4 48. Bxe4+ Kc8 49. Ke3 Nc7 50. Bd2 Be6 51. Kd3 Kd7 52. Be3 Ke7
53. Kc3 Bd7 54. Bg5+ Kf7 55. Kd3 Ke6 56. Bd8 Ne8 57. Bd5+ Ke5 58. Bh4 Kf4 59.
Be7 Bf5+ 60. Kc3 Bd7 61. Be4 Ke5 62. Bh4 Kf4 63. Bd8 Ke5 64. Bd5 Nf6 65. Bb7
Nh5 66. Bh4 Nf4 67. Bg3 Kf5 68. Be4+ Kg5 69. Bh2 Be6 70. Bc6 d5 71. Bxf4+ {
LuisRoque resigns} 1-0

[Event "ICS rated bullet match"]
[Site "204.178.125.65"]
[Date "2001.01.24"]
[Round "?"]
[White "Hossa"]
[Black "JH-Donnol"]
[Result "0-1"]
[WhiteElo "2481"]
[BlackElo "2783"]
[PlyCount "112"]
[EventDate "2001.??.??"]

1. e4 e5 2. Nf3 Nc6 3. Bb5 a6 4. Ba4 Nf6 5. O-O Be7 6. Re1 b5 7. Bb3 d6 8. c3
O-O 9. h3 Na5 10. Bc2 c5 11. d4 cxd4 12. cxd4 Bb7 13. d5 Rc8 14. Bd3 Nd7 15. b3
f5 16. Ba3 Qc7 17. Qe2 Nf6 18. Rc1 Qd7 19. Rxc8 Rxc8 20. Bb4 Rc1+ 21. Ne1 fxe4
22. Bxe4 Nxe4 23. Qxe4 Nc4 24. Bc3 Na3 25. Nxa3 Rxc3 26. Nac2 Bg5 27. Nf3 Bf4
28. Nb4 a5 29. Nd3 Bh6 30. Nh4 Bg5 31. Nf3 Bd8 32. Nb2 Qf7 33. Rd1 Rc5 34. Qe3
Rc2 35. Rd2 Rxd2 36. Nxd2 Qxd5 37. Nf3 e4 38. Ne1 Bf6 39. Qe2 Qc5 40. Nd1 d5
41. Qg4 d4 42. Qe6+ Kf8 43. Qd7 Bc8 44. b4 axb4 45. Qxc8+ Qxc8 46. f3 Qc1 47.
fxe4 Qxd1 48. Kf2 Bh4+ 49. g3 Qd2+ 50. Kf1 Bxg3 51. Nd3 Qxd3+ 52. Kg2 Bh4 53.
e5 Qg3+ 54. Kh1 Bg5 55. a3 Qxh3+ 56. Kg1 Be3# {Hossa checkmated} 0-1

[Event "ICS rated standard match"]
[Site "204.178.125.65"]
[Date "2001.01.24"]
[Round "?"]
[White "RudiLenz"]
[Black "Hossa"]
[Result "0-1"]
[WhiteElo "2177"]
[BlackElo "2303"]
[PlyCount "138"]
[EventDate "2001.??.??"]

1. d4 Nf6 2. Nf3 d5 3. c4 c6 4. e3 e6 5. Nc3 b6 6. cxd5 exd5 7. Bd3 Bd6 8. h3
O-O 9. O-O Re8 10. a3 Ne4 11. Qc2 Qe7 12. b4 Bb7 13. Bb2 Nd7 14. Bxe4 dxe4 15.
Nd2 Nf6 16. Rfd1 Ba6 17. Nb3 Qc7 18. Rac1 Bd3 19. Rxd3 exd3 20. Qxd3 a6 21. d5
Bh2+ 22. Kf1 Qd7 23. Rd1 cxd5 24. Nxd5 Nxd5 25. Qxd5 Qxd5 26. Rxd5 Rad8 27.
Rxd8 Rxd8 28. Ke2 Rc8 29. Kd3 Bd6 30. Bd4 Rc6 31. h4 Be7 32. g3 Bd6 33. e4 Be7
34. e5 g6 35. Ke4 Bd8 36. Kd3 h6 37. Be3 h5 38. Nd4 Rc8 39. a4 a5 40. b5 Rc7
41. Nc6 Rd7+ 42. Kc4 Bc7 43. Bd4 Kh7 44. Kc3 g5 45. hxg5 Kg6 46. f4 Kf5 47. Kd3
Kg4 48. g6 fxg6 49. e6 Rd6 50. e7 Re6 51. Bf2 Bd6 52. Bxb6 Bxe7 53. Bxa5 Kxg3
54. Nd4 Rf6 55. b6 Kxf4 56. b7 Bd6 57. Bb4 Bb8 58. a5 g5 59. Kc4 h4 60. Kb5 h3
61. Nc6 h2 62. Nxb8 h1=Q 63. a6 Qd5+ 64. Bc5 Rf5 65. a7 Qxc5+ 66. Ka4 Qd4+ 67.
Kb3 Rb5+ 68. Kc2 Rb2+ 69. Kc1 Qd2# {RudiLenz checkmated} 0-1

[Event "ICS rated blitz match"]
[Site "204.178.125.65"]
[Date "2001.01.24"]
[Round "?"]
[White "GustavoFialho"]
[Black "Hossa"]
[Result "0-1"]
[WhiteElo "1940"]
[BlackElo "2544"]
[PlyCount "42"]
[EventDate "2001.??.??"]

1. d4 d5 2. c4 e6 3. e3 Nf6 4. Nc3 Be7 5. Bd2 O-O 6. Nf3 c5 7. Be2 cxd4 8. Nxd4
e5 9. Nb3 d4 10. exd4 exd4 11. Nb5 d3 12. Bf3 Nc6 13. Bxc6 bxc6 14. Nc3 Be6 15.
O-O Bxc4 16. Rc1 Bxb3 17. axb3 Qd7 18. Na4 Ne4 19. Re1 Qf5 20. f3 Nxd2 21. Qxd2
Bg5 {GustavoFialho resigns} 0-1

[Event "ICS rated blitz match"]
[Site "204.178.125.65"]
[Date "2001.01.24"]
[Round "?"]
[White "Hossa"]
[Black "GustavoFialho"]
[Result "1-0"]
[WhiteElo "2545"]
[BlackElo "1939"]
[PlyCount "42"]
[EventDate "2001.??.??"]

1. d4 d5 2. c4 e6 3. Nc3 Nf6 4. Bg5 Be7 5. e3 c6 6. cxd5 Nxd5 7. Bxe7 Qxe7 8.
Bd3 Nd7 9. Nf3 Nxc3 10. bxc3 e5 11. Qc2 exd4 12. cxd4 O-O 13. Bxh7+ Kh8 14. Bd3
g6 15. O-O Kg7 16. e4 Rh8 17. Qd2 Nb6 18. a4 Bg4 19. Ne5 Qe6 20. a5 Nd7 21. Bc4
Qxe5 {GustavoFialho resigns} 1-0

[Event "ICS rated blitz match"]
[Site "204.178.125.65"]
[Date "2001.01.24"]
[Round "?"]
[White "GustavoFialho"]
[Black "Hossa"]
[Result "0-1"]
[WhiteElo "1938"]
[BlackElo "2546"]
[PlyCount "60"]
[EventDate "2001.??.??"]

1. d4 Nf6 2. c4 e6 3. e3 d5 4. Nc3 Bb4 5. a3 Be7 6. Nf3 O-O 7. Bd3 dxc4 8. Bxc4
b6 9. O-O Bb7 10. b4 c5 11. Bb2 cxb4 12. axb4 Bxb4 13. Bd3 a5 14. Qc2 Bxf3 15.
gxf3 Qc7 16. Kh1 Rc8 17. Rac1 Qd6 18. Qe2 Bxc3 19. Rxc3 Rxc3 20. Bxc3 Nc6 21.
Rg1 Nd5 22. Ba1 Ncb4 23. Bb1 f5 24. e4 Nf4 25. Qe3 Nh3 26. Rg2 f4 27. Qc3 Re8
28. d5 e5 29. Rg1 Nxg1 30. Kxg1 b5 {GustavoFialho resigns} 0-1

[Event "ICS rated blitz match"]
[Site "204.178.125.65"]
[Date "2001.01.24"]
[Round "?"]
[White "Hossa"]
[Black "GustavoFialho"]
[Result "1-0"]
[WhiteElo "2547"]
[BlackElo "1937"]
[PlyCount "69"]
[EventDate "2001.??.??"]

1. d4 d5 2. c4 e6 3. Nc3 Nf6 4. Bg5 Be7 5. e3 c6 6. cxd5 Nxd5 7. Bxe7 Qxe7 8.
Bd3 e5 9. Nxd5 cxd5 10. dxe5 Qxe5 11. Qc2 O-O 12. Bxh7+ Kh8 13. Bd3 Bg4 14. h3
Be6 15. Nf3 Qf6 16. Qe2 Nc6 17. O-O g6 18. Rac1 Kg7 19. Ba6 Ne5 20. Nxe5 Qxe5
21. Bxb7 Rab8 22. Qa6 Rh8 23. Rfd1 Rxh3 24. gxh3 Qg5+ 25. Kf1 Bxh3+ 26. Ke2
Qg4+ 27. f3 Qg2+ 28. Ke1 Qg3+ 29. Kd2 Qf2+ 30. Qe2 Qxe2+ 31. Kxe2 Rxb7 32. b3
Be6 33. Rc6 Kf6 34. Rxd5 Ke7 35. Rdc5 {GustavoFialho resigns} 1-0

[Event "ICS rated blitz match"]
[Site "204.178.125.65"]
[Date "2001.01.24"]
[Round "?"]
[White "GustavoFialho"]
[Black "Hossa"]
[Result "0-1"]
[WhiteElo "1936"]
[BlackElo "2548"]
[PlyCount "27"]
[EventDate "2001.??.??"]

1. d4 d5 2. c4 e6 3. e3 Nf6 4. Nc3 Be7 5. a3 O-O 6. Nf3 c5 7. Be2 Nc6 8. O-O
dxc4 9. Bxc4 Na5 10. Bd3 b6 11. dxc5 bxc5 12. h3 Rb8 13. Nb5 c4 14. Qa4 {
GustavoFialho resigns} 0-1

[Event "ICS Rated standard match"]
[Site "204.178.125.65"]
[Date "2001.01.24"]
[Round "?"]
[White "Hossa"]
[Black "nitmo"]
[Result "1-0"]
[WhiteElo "2313"]
[BlackElo "1957"]
[PlyCount "83"]
[EventDate "2001.??.??"]

1. e4 e5 2. Nf3 Nc6 3. Bb5 Nd4 4. Nxd4 exd4 5. O-O c6 6. Bc4 Nf6 7. e5 d5 8.
Be2 Nd7 9. f4 d3 10. Bxd3 Nc5 11. Be2 Be7 12. d4 Ne4 13. f5 g6 14. f6 Bf8 15.
c4 h5 16. cxd5 cxd5 17. Nc3 Nxc3 18. bxc3 a6 19. Bg5 Bh6 20. Bxh6 Rxh6 21. Qb3
Rb8 22. Bxa6 Bf5 23. Bxb7 Kf8 24. Qxd5 Qc7 25. Ba6 h4 26. a4 Kg8 27. Qc4 Qxc4
28. Bxc4 h3 29. g3 Be4 30. e6 fxe6 31. Bxe6+ Kf8 32. a5 g5 33. Rf2 Rh7 34. c4
Rhb7 35. Re2 Bg2 36. c5 Rb1+ 37. Re1 R1b2 38. a6 Bc6 39. a7 Rg2+ 40. Kh1 Ra8
41. d5 Be8 42. Reb1 {nitmo resigns} 1-0

[Event "ICS rated blitz match"]
[Site "204.178.125.65"]
[Date "2001.01.24"]
[Round "?"]
[White "Hossa"]
[Black "ATOS"]
[Result "1-0"]
[WhiteElo "2549"]
[BlackElo "2060"]
[PlyCount "53"]
[EventDate "2001.??.??"]

1. d4 Nf6 2. c4 c6 3. Nc3 d5 4. Nf3 a6 5. cxd5 cxd5 6. Bf4 Nc6 7. e3 b5 8. Bd3
Bg4 9. h3 Bxf3 10. Qxf3 e6 11. O-O Be7 12. Rac1 Rc8 13. a4 b4 14. Bxa6 bxc3 15.
Bxc8 Qxc8 16. Rxc3 Qa6 17. Rfc1 Nd8 18. Qd1 O-O 19. Rc8 Nb7 20. Bg5 h6 21. Bxf6
gxf6 22. Qg4+ Kh7 23. Rxf8 Bxf8 24. Rc8 Bg7 25. Qd1 Nd6 26. Qc2+ f5 27. Rc6 {
ATOS resigns} 1-0

[Event "ICS rated standard match"]
[Site "204.178.125.65"]
[Date "2001.01.24"]
[Round "?"]
[White "diep"]
[Black "Hossa"]
[Result "1-0"]
[WhiteElo "2613"]
[BlackElo "2317"]
[PlyCount "93"]
[EventDate "2001.??.??"]

1. d4 Nf6 2. c4 e6 3. Nc3 Bb4 4. Qc2 c5 5. dxc5 O-O 6. a3 Bxc5 7. Nf3 b6 8. Bg5
Bb7 9. e4 h6 10. Bh4 Be7 11. Be2 d6 12. Rd1 Nbd7 13. b4 Rc8 14. Bg3 d5 15. exd5
exd5 16. O-O a5 17. Qb3 dxc4 18. Bxc4 Bxf3 19. gxf3 Ra8 20. Rfe1 Ra7 21. Nb5
Rb7 22. Nd4 b5 23. Nc6 bxc4 24. Nxd8 cxb3 25. Nxb7 axb4 26. Rxe7 bxa3 27. Re3
b2 28. Rxa3 Rc8 29. Rb3 Rc1 30. Rf1 Rc2 31. Kg2 Nd5 32. Rb1 f5 33. Bd6 Rd2 34.
R3xb2 Rd3 35. Re1 g5 36. Re6 Kh7 37. Rb5 N7f6 38. Nd8 Rd2 39. Rb7+ Kg6 40. Rf7
Ne3+ 41. Kg3 f4+ 42. Kh3 Ned5 43. Be7 Rxf2 44. Bxf6 Kh5 45. Bxg5 Rxf3+ 46. Kg2
Rd3 47. Bxf4 {Hossa resigns} 1-0

[Event "ICS rated blitz match"]
[Site "204.178.125.65"]
[Date "2001.01.24"]
[Round "?"]
[White "Hossa"]
[Black "krahs2"]
[Result "1-0"]
[WhiteElo "2553"]
[BlackElo "1990"]
[PlyCount "75"]
[EventDate "2001.??.??"]

1. d4 Nf6 2. c4 g6 3. Nc3 d5 4. cxd5 Nxd5 5. e4 Nxc3 6. bxc3 Bg7 7. Bb5+ Bd7 8.
Qb3 c6 9. Bc4 O-O 10. Qxb7 Qa5 11. Bd2 Be6 12. Bxe6 fxe6 13. Qxa8 Qb6 14. Nf3
Nd7 15. Qxf8+ Nxf8 16. O-O Qa6 17. Rfb1 h6 18. Rb8 g5 19. a3 Kf7 20. a4 Qd3 21.
h3 Ng6 22. Re1 Nh4 23. Re3 Qc2 24. Be1 Qxa4 25. Nxh4 gxh4 26. e5 Qa1 27. Rc8 a5
28. Rxc6 a4 29. Ra6 a3 30. Re2 h5 31. Kf1 Bh6 32. d5 Bc1 33. dxe6+ Kg6 34. Ra7
Bb2 35. Rxe7 Qc1 36. Ra7 Qb1 37. Ra8 a2 38. e7 {krahs2 resigns} 1-0

[Event "ICS rated standard match"]
[Site "204.178.125.65"]
[Date "2001.01.24"]
[Round "?"]
[White "Pepperman"]
[Black "Hossa"]
[Result "0-1"]
[WhiteElo "2153"]
[BlackElo "2312"]
[PlyCount "36"]
[EventDate "2001.??.??"]

1. e4 e5 2. Nf3 Nc6 3. Nc3 g6 4. a3 f5 5. exf5 gxf5 6. Bc4 e4 7. Nd4 Nf6 8.
Nxc6 bxc6 9. d3 d5 10. Bb3 Bd6 11. Bg5 h6 12. Bh4 Be5 13. dxe4 fxe4 14. Bxf6
Qxf6 15. Qh5+ Kd8 16. O-O-O Bd7 17. Na4 Rg8 18. Nc5 Bg4 {Pepperman resigns} 0-1

[Event "ICS rated standard match"]
[Site "204.178.125.65"]
[Date "2001.01.24"]
[Round "?"]
[White "Hossa"]
[Black "diep"]
[Result "0-1"]
[WhiteElo "2321"]
[BlackElo "2598"]
[PlyCount "170"]
[EventDate "2001.??.??"]

1. d4 Nf6 2. c4 e6 3. Nf3 b6 4. g3 Ba6 5. b3 Bb4+ 6. Bd2 Be7 7. Bg2 c6 8. Bc3
d5 9. Ne5 Nfd7 10. Nxd7 Nxd7 11. Nd2 O-O 12. O-O Rc8 13. e4 b5 14. Re1 dxc4 15.
bxc4 Nb6 16. c5 Na4 17. Qc2 Rb8 18. f4 g5 19. Nf3 Nxc3 20. Qxc3 gxf4 21. gxf4
Qc7 22. Qe3 Kh8 23. Kh1 Rg8 24. Bh3 b4 25. Rg1 Bf6 26. f5 e5 27. Qh6 Qe7 28.
dxe5 Be2 29. Nd4 Qxe5 30. Nxe2 Qxe4+ 31. Bg2 Rxg2 32. Rxg2 Bxa1 33. Qg5 Re8 34.
f6 Qg6 35. Qf4 Qxf6 36. Qxb4 Qf3 37. Ng1 Qd5 38. Qd2 Qxd2 39. Rxd2 Re1 40. Rd7
Rc1 41. Kg2 Rxc5 42. Rxf7 Ra5 43. Nf3 Rxa2+ 44. Kg3 a5 45. Rf5 a4 46. Rc5 a3
47. Rxc6 Re2 48. Rc8+ Kg7 49. Rc7+ Kg6 50. Nh4+ Kh6 51. Rc6+ Kh5 52. Kf3 Rxh2
53. Ng2 Rh1 54. Ra6 Bb2 55. Ne3 Rc1 56. Kf4 Rc7 57. Ra5+ Kg6 58. Ra6+ Kh5 59.
Ra5+ Kg6 60. Ra6+ Kf7 61. Ke4 Rc1 62. Kd3 Rc3+ 63. Ke4 h5 64. Nf5 h4 65. Ra7+
Kf6 66. Ne3 h3 67. Ra6+ Kf7 68. Ng4 Rc2 69. Nh6+ Ke8 70. Nf5 h2 71. Ng3 Rg2 72.
Nh1 Rg1 73. Kf3 Kd7 74. Ra7+ Kc6 75. Ra6+ Kb5 76. Ra7 Be5 77. Nf2 Rf1 78. Rxa3
h1=Q+ 79. Ke2 Re1+ 80. Kd2 Bf4+ 81. Re3 Bxe3+ 82. Kc3 Qc6+ 83. Kb3 Qc4+ 84. Kb2
Re2+ 85. Ka3 Qc3# {Hossa checkmated} 0-1

[Event "ICS rated bullet match"]
[Site "204.178.125.65"]
[Date "2001.01.24"]
[Round "?"]
[White "JH-Donnol"]
[Black "Hossa"]
[Result "1-0"]
[WhiteElo "2738"]
[BlackElo "2476"]
[PlyCount "105"]
[EventDate "2001.??.??"]

1. e4 e5 2. Nf3 Nc6 3. Bb5 a6 4. Ba4 Nf6 5. O-O Be7 6. Re1 b5 7. Bb3 d6 8. c3
O-O 9. h3 Na5 10. Bc2 c5 11. d4 cxd4 12. cxd4 Bb7 13. Nbd2 Rc8 14. d5 Qc7 15.
Bd3 Nd7 16. Nf1 f5 17. exf5 Bxd5 18. Ng5 Bxg5 19. Bxg5 Bc4 20. Bxc4+ Nxc4 21.
b3 Ncb6 22. Rc1 Qb8 23. Rxc8 Nxc8 24. Qd5+ Rf7 25. Rd1 a5 26. Ng3 a4 27. Ne4 h6
28. Bh4 axb3 29. axb3 Ndb6 30. Qe6 d5 31. f6 Qc7 32. fxg7 dxe4 33. Rd8+ Qxd8
34. Bxd8 Nd7 35. Qxh6 Rxg7 36. Qa6 Na7 37. Qxa7 Nf8 38. Qb8 Nd7 39. Qxb5 Rf7
40. Bg5 Kg7 41. Qd5 Kg8 42. Qxe4 Kh8 43. Qg6 Rg7 44. Qe8+ Kh7 45. Be7 Nb6 46.
Bf6 Rd7 47. Bxe5 Kh6 48. Qg8 Rd1+ 49. Kh2 Rh1+ 50. Kxh1 Nd5 51. Qg7+ Kh5 52.
g4+ Kh4 53. Qh6# {Hossa checkmated} 1-0

[Event "ICS rated bullet match"]
[Site "204.178.125.65"]
[Date "2001.01.24"]
[Round "?"]
[White "Hossa"]
[Black "JH-Donnol"]
[Result "0-1"]
[WhiteElo "2470"]
[BlackElo "2744"]
[PlyCount "142"]
[EventDate "2001.??.??"]

1. d4 Nf6 2. c4 e6 3. Nc3 Bb4 4. Qc2 O-O 5. a3 Bxc3+ 6. Qxc3 b6 7. Bg5 Bb7 8.
f3 h6 9. Bh4 d5 10. e3 Nbd7 11. Nh3 c5 12. cxd5 exd5 13. g4 Rc8 14. Bd3 cxd4
15. Qxd4 Nc5 16. Bf5 Rc6 17. Rd1 g6 18. Bb1 g5 19. Bg3 Re8 20. Kf2 Qe7 21. b4
Ne6 22. Qd2 Rec8 23. Be5 Nc7 24. Bb2 Ba6 25. Bf5 Re8 26. a4 Bc8 27. b5 Rc4 28.
Bd3 Bxg4 29. Bxc4 dxc4 30. Bxf6 Qxf6 31. Ng1 c3 32. Qd4 c2 33. Rc1 Qxd4 34.
exd4 Bf5 35. Ne2 Nd5 36. Rce1 Kf8 37. Ng3 Rxe1 38. Rxe1 Nf4 39. Ra1 Be6 40. Ne2
Nd5 41. Re1 f6 42. Rc1 Nb4 43. Ke3 Bb3 44. Nc3 f5 45. Kd2 Ke7 46. h3 f4 47.
Re1+ Kd7 48. Rg1 Be6 49. h4 gxh4 50. Ne2 h3 51. Nxf4 Bf5 52. Rh1 Na2 53. Ne2
Ke6 54. Re1 Kd5 55. Ra1 Nb4 56. Rh1 Kc4 57. Rg1 Nd3 58. Rh1 h5 59. d5 Kxd5 60.
a5 bxa5 61. Ra1 Nc5 62. Ra3 h2 63. Ng3 a4 64. Rc3 Nb3+ 65. Ke3 a3 66. b6 a2 67.
Rxc2 a1=Q 68. Rxh2 Qd4+ 69. Ke2 Bd3+ 70. Ke1 Qg1+ 71. Nf1 Qxf1# {
Hossa checkmated} 0-1

[Event "ICS rated bullet match"]
[Site "204.178.125.65"]
[Date "2001.01.24"]
[Round "?"]
[White "JH-Donnol"]
[Black "Hossa"]
[Result "1-0"]
[WhiteElo "2749"]
[BlackElo "2465"]
[PlyCount "133"]
[EventDate "2001.??.??"]

1. e4 e5 2. Nf3 Nc6 3. Bb5 a6 4. Ba4 Nf6 5. O-O Be7 6. Re1 b5 7. Bb3 d6 8. c3
O-O 9. h3 Na5 10. Bc2 c5 11. d4 Nd7 12. dxc5 dxc5 13. Nbd2 Qc7 14. Nf1 Rd8 15.
Ne3 Nb6 16. Qe2 Nac4 17. Nd5 Nxd5 18. exd5 Bf6 19. Rd1 Bb7 20. Qe4 g6 21. b3
Nd6 22. Qe1 e4 23. Ng5 Qe7 24. Nxe4 Nxe4 25. Qxe4 Qxe4 26. Bxe4 Re8 27. Bf3
Bxc3 28. Rb1 Rad8 29. Be3 Re5 30. Rbc1 Bd4 31. Bxd4 cxd4 32. Rxd4 Kg7 33. b4 g5
34. Rc7 Ba8 35. Rc5 f5 36. d6 Re1+ 37. Kh2 Bxf3 38. gxf3 Re2 39. Rxf5 Kg6 40.
Rdd5 h6 41. f4 Rxf2+ 42. Kg3 Rxf4 43. Rxf4 gxf4+ 44. Kxf4 Kf6 45. Ke4 Ke6 46.
h4 Rxd6 47. Rxd6+ Kxd6 48. Kf5 Ke7 49. Kg6 Kf8 50. Kxh6 Kf7 51. Kg5 Kg7 52. h5
Kh7 53. h6 Kg8 54. Kg6 Kf8 55. h7 Ke7 56. h8=Q Kd6 57. Qf6+ Kd5 58. Qxa6 Kd4
59. Qxb5 Ke4 60. Qc6+ Kd4 61. b5 Kd3 62. b6 Kd4 63. b7 Kd3 64. b8=Q Kd2 65.
Qf4+ Ke1 66. Qh1+ Ke2 67. Qhf1# {Hossa checkmated} 1-0

[Event "ICS rated bullet match"]
[Site "204.178.125.65"]
[Date "2001.01.24"]
[Round "?"]
[White "Hossa"]
[Black "JH-Donnol"]
[Result "1-0"]
[WhiteElo "2460"]
[BlackElo "2754"]
[PlyCount "121"]
[EventDate "2001.??.??"]

1. d4 Nf6 2. Bg5 e6 3. e4 h6 4. Bxf6 Qxf6 5. Nf3 d6 6. Nc3 Nd7 7. Bd3 c6 8. O-O
e5 9. Bc4 Be7 10. Qd3 exd4 11. Nxd4 Ne5 12. Qe2 O-O 13. f4 Nxc4 14. Qxc4 Bg4
15. a3 d5 16. exd5 b5 17. Ndxb5 cxb5 18. Nxb5 Qb6+ 19. Kh1 a6 20. Nd4 Bf6 21.
Nc6 Qxb2 22. f5 h5 23. h3 Qc3 24. Qxc3 Bxc3 25. hxg4 Bxa1 26. Rxa1 hxg4 27. d6
g6 28. d7 gxf5 29. Rd1 Kg7 30. d8=Q Rfxd8 31. Rxd8 Rxd8 32. Nxd8 f4 33. Nc6 f5
34. Ne7 Kf6 35. Nd5+ Ke5 36. Nb4 a5 37. Nc6+ Ke4 38. Nxa5 f3 39. gxf3+ Kxf3 40.
Nc4 Kf2 41. Ne5 Ke3 42. Nxg4+ fxg4 43. Kg2 Kd4 44. Kg3 Kc5 45. Kxg4 Kd4 46. a4
Kd5 47. a5 Kc6 48. c4 Kb7 49. Kf5 Ka6 50. Ke6 Kxa5 51. c5 Kb5 52. Kd6 Ka6 53.
c6 Ka5 54. c7 Ka4 55. Ke5 Kb3 56. Kd4 Ka3 57. c8=Q Kb3 58. Qc3+ Ka2 59. Qb4 Ka1
60. Kc3 Ka2 61. Qb2# {JH-Donnol checkmated} 1-0

[Event "ICS rated bullet match"]
[Site "204.178.125.65"]
[Date "2001.01.24"]
[Round "?"]
[White "JH-Donnol"]
[Black "Hossa"]
[Result "1/2-1/2"]
[WhiteElo "2727"]
[BlackElo "2487"]
[PlyCount "304"]
[EventDate "2001.??.??"]

1. e4 e5 2. Nf3 Nc6 3. Bb5 a6 4. Ba4 Nf6 5. O-O Be7 6. Re1 b5 7. Bb3 O-O 8. c3
d6 9. h3 Nb8 10. d4 Nbd7 11. Nbd2 Bb7 12. Bc2 Re8 13. Nf1 Bf8 14. Ng3 g6 15. a4
exd4 16. cxd4 bxa4 17. Rxa4 Nb6 18. Ra1 Bg7 19. Bg5 h6 20. Bf4 Qe7 21. Bd3 c5
22. e5 Nfd7 23. exd6 Qf6 24. Rxe8+ Rxe8 25. Bxa6 Qxf4 26. Bxb7 cxd4 27. Ne2
Qxd6 28. Ba6 Ra8 29. Bd3 Rxa1 30. Qxa1 Ne5 31. Nxe5 Bxe5 32. Qa3 Qc7 33. b4 Qd6
34. Qa5 Bh2+ 35. Kh1 Be5 36. b5 Bf6 37. Qd2 Bg5 38. Qc2 Bh4 39. Qc6 Qxc6 40.
bxc6 Bf6 41. g4 Nd5 42. f4 g5 43. Kg2 gxf4 44. Be4 Nc7 45. Nxf4 Kf8 46. Kf3 Ke7
47. Ke2 Kd6 48. Nd3 Nb5 49. Bf3 Nc3+ 50. Kd2 Bg5+ 51. Kc2 Bd8 52. Kb3 Nb1 53.
Bg2 Bf6 54. Nc5 Nc3 55. Kc4 Be5 56. Bf3 Nb1 57. Nb3 Na3+ 58. Kd3 Nb5 59. h4 Bf6
60. h5 Be5 61. Be4 Bf6 62. Kc4 Nc3 63. Bf3 Na4 64. Nxd4 Nb2+ 65. Kc3 Be5 66.
Bg2 Nd1+ 67. Kd2 Bxd4 68. Kxd1 Bb6 69. Kd2 Kc7 70. Kc3 Bf2 71. Kd3 Bc5 72. Be4
Bd6 73. Kd4 Bb4 74. Ke5 Bc3+ 75. Kf5 Bb2 76. g5 hxg5 77. h6 Kd6 78. Kxg5 Bc1+
79. Kh5 Bb2 80. Bh1 Bd4 81. Bd5 Bc3 82. Kh4 Bd4 83. Kh3 Bb2 84. Kg4 Bc1 85. Kh5
Bb2 86. Bf3 Bd4 87. h7 Bg7 88. Kh4 Bd4 89. Kg5 Bg7 90. Bd5 Kc7 91. Kf5 Kd6 92.
Be4 Bd4 93. Bd5 Bg7 94. Kg5 Kc7 95. Kf4 Kd6 96. Kg4 Bh8 97. Be4 Bf6 98. Bd5 Bh8
99. Bg2 Bd4 100. Kg5 Bg7 101. Kf4 Bc3 102. Bf3 Bb2 103. Be4 Ke6 104. Bf5+ Kd6
105. Bd7 Ke7 106. Ke3 Bc3 107. Bc8 Kd6 108. Bd7 Ke7 109. Ke4 Kd6 110. Kf3 Ke7
111. Ke4 Kd6 112. Kf4 Be5+ 113. Kf5 Bd4 114. Kg5 Bg7 115. Kg4 Bd4 116. Kf3 Bc3
117. Kf2 Bd4+ 118. Ke2 Ke7 119. Kd2 Kd6 120. Kd3 Be5 121. Ke2 Bd4 122. Kd2 f5
123. Ke2 Bc3 124. Kf2 f4 125. Kg2 Be5 126. Kf3 Ke7 127. Bf5 Kd6 128. Bd7 Ke7
129. Ke4 Bg7 130. Kd3 Be5 131. Bg4 Kd6 132. Bf3 Bb2 133. Bd5 Bg7 134. Ke2 Bd4
135. Kf3 Bc3 136. Kxf4 Bd4 137. Kf5 Ke7 138. Be6 Kd6 139. Ke4 Bh8 140. Bd5 Ke7
141. Kf5 Bd4 142. c7 Kd7 143. Kg6 Kxc7 144. Kf7 Kd7 145. Be6+ Kd8 146. Kf8 Kc7
147. Kg8 Kd6 148. Bf5 Ke7 149. Bc8 Ke8 150. Be6 Kd8 151. Bd5 Ke8 152. Be4 Kd8 {
JH-Donnol ran out of time and Hossa has no material to mate} 1/2-1/2

[Event "ICS Rated standard match"]
[Site "204.178.125.65"]
[Date "2001.01.24"]
[Round "?"]
[White "BrazilianMaster"]
[Black "Hossa"]
[Result "1-0"]
[WhiteElo "2673"]
[BlackElo "2316"]
[PlyCount "117"]
[EventDate "2001.??.??"]

1. e4 e5 2. f4 exf4 3. Nf3 h6 4. b3 d5 5. exd5 Qxd5 6. Bc4 Qe4+ 7. Kf2 Qf5 8.
Qe2+ Be6 9. Re1 Kd7 10. Bxe6+ fxe6 11. Qd3+ Qxd3 12. Ne5+ Kc8 13. Nxd3 Nc6 14.
Bb2 Nf6 15. Bxf6 gxf6 16. Rxe6 Bd6 17. Nc3 Be5 18. Nxe5 fxe5 19. Rg6 Rd8 20.
Ne4 Rh8 21. Re1 Nb4 22. Nc5 b6 23. Ne6 Nxa2 24. Rg7 a5 25. Rxc7+ Kb8 26. Rxe5
Ra7 27. Rc6 Rb7 28. c4 Nb4 29. Rd6 Re8 30. Kf3 Nc2 31. Kxf4 Ka7 32. d4 Rg8 33.
Re2 Nb4 34. Ke3 Re7 35. Kd2 Rg4 36. d5 Rg6 37. Rd8 Na6 38. Rf2 Nc5 39. Nxc5
bxc5 40. Rc8 Kb6 41. Kd3 Rb7 42. g3 Rd6 43. Rff8 Rg6 44. Ke4 Re7+ 45. Kf5 Rg5+
46. Kf6 Re2 47. Rc6+ Kb7 48. Rf7+ Kb8 49. d6 Rxh2 50. Rb6+ Ka8 51. Ke6 Rd2 52.
Kd7 Rg8 53. Rb5 Rb8 54. Kc7 Rxb5 55. cxb5 Re2 56. d7 Rd2 57. b6 Rxd7+ 58. Rxd7
h5 59. Rd8# {Hossa checkmated} 1-0

[Event "ICS rated standard match"]
[Site "204.178.125.65"]
[Date "2001.01.24"]
[Round "?"]
[White "Hossa"]
[Black "nitmo"]
[Result "1-0"]
[WhiteElo "2312"]
[BlackElo "1945"]
[PlyCount "101"]
[EventDate "2001.??.??"]

1. d4 d5 2. c4 e5 3. dxe5 d4 4. Nf3 Nc6 5. g3 Bg4 6. Nbd2 Qd7 7. Bg2 Bh3 8. O-O
h5 9. Bxh3 Qxh3 10. Ng5 Qd7 11. Ndf3 h4 12. g4 Qxg4+ 13. Kh1 Qd7 14. Qb3 O-O-O
15. c5 Nh6 16. Qc4 Qd5 17. Qxd5 Rxd5 18. e6 fxe6 19. Nxe6 Bxc5 20. Bxh6 Rxh6
21. Nxg7 h3 22. Rad1 Rg6 23. Rg1 Rxg1+ 24. Kxg1 Ne5 25. Ng5 d3 26. exd3 Nxd3
27. Nxh3 Rd7 28. Ne6 Nxf2 29. Rxd7 Nxh3+ 30. Kg2 Kxd7 31. Nxc5+ Kc6 32. Ne6 Kd6
33. Nxc7 Nf4+ 34. Kf3 Nd3 35. Nb5+ Ke5 36. Nxa7 Nxb2 37. Nb5 Nd3 38. h4 Nb4 39.
a3 Nc2 40. a4 Nb4 41. Kg4 Kf6 42. Nd6 b6 43. h5 Nd5 44. Ne4+ Kg7 45. Kg5 Kh7
46. Nf6+ Nxf6 47. Kxf6 Kh6 48. Ke7 Kxh5 49. Kd6 Kg6 50. Kc6 Kf6 51. Kxb6 {
nitmo resigns} 1-0

[Event "ICS rated standard match"]
[Site "204.178.125.65"]
[Date "2001.01.24"]
[Round "?"]
[White "Hossa"]
[Black "IronMaiden"]
[Result "1-0"]
[WhiteElo "2315"]
[BlackElo "2218"]
[PlyCount "151"]
[EventDate "2001.??.??"]

1. d4 d5 2. c4 c6 3. Nf3 Nf6 4. Nc3 a6 5. e3 b5 6. cxd5 cxd5 7. Bd3 e6 8. Bd2
Nbd7 9. Rc1 Bb7 10. Ne2 Bd6 11. Qb3 Qb6 12. Bb4 O-O 13. Qa3 Bxb4+ 14. Qxb4 Rfc8
15. O-O Bc6 16. Ng5 h6 17. Nf3 a5 18. Qd2 b4 19. Nf4 Bb5 20. Qe2 Bxd3 21. Nxd3
Ne4 22. Nfe5 Nxe5 23. Nxe5 Qb7 24. f3 Nd6 25. Rc5 Rxc5 26. dxc5 Qb5 27. Qxb5
Nxb5 28. Rc1 Kf8 29. c6 Nc7 30. g3 Ke7 31. Kg2 f6 32. Nd7 Kd6 33. Nc5 Ne8 34.
a4 bxa3 35. bxa3 a4 36. Kf2 e5 37. h3 Nc7 38. Nb7+ Ke7 39. Rc5 Ra6 40. f4 Rb6
41. fxe5 fxe5 42. e4 dxe4 43. Rxe5+ Kf6 44. Rxe4 Rxc6 45. Rxa4 Rc2+ 46. Kf3
Rc3+ 47. Kg4 h5+ 48. Kxh5 Rxg3 49. Kh4 Rb3 50. Nc5 Re3 51. Kg4 Nd5 52. Rd4 Ne7
53. a4 Nf5 54. Rd3 Re1 55. Rf3 g6 56. Ra3 Rg1+ 57. Kf4 Rf1+ 58. Rf3 Ra1 59. Ke4
Ra2 60. Kd5 Kg5 61. Ke5 Ra1 62. Ne4+ Kh4 63. Kf6 Rxa4 64. Rf4+ Kxh3 65. Ng5+
Kg3 66. Rxa4 Nh4 67. Nf7 Kh3 68. Ne5 Kg3 69. Rg4+ Kh3 70. Rg5 Ng2 71. Rxg6 Kh2
72. Nf3+ Kh3 73. Kf5 Ne3+ 74. Ke4 Ng4 75. Kf4 Nf2 76. Rg3# {
IronMaiden checkmated} 1-0